000 01001nas a2200253 a 4500
003 BLK
005 20190915221615.0
008 190915d |||n| |||| 00| c0bul d
010 _a000124
040 _aBLK
041 _aBUL
080 _z329.78(497.2)(05)
245 1 0 _aСТЕФАН КАРАДЖА
_n3
246 _aОрган на Добруджанските младежки организации "Стефан Караджа" в България
260 _aВарна
_c1930
_g1933
490 _aЧастна колекция - Академик Михаил Арнаудов
_gДарение - Основен фонд
520 _aМихаил Арнаудов: на други лица-лист-ръкопис
520 _aАдрес : София, Университета Професор М. Арнаудов
650 _aИстория
650 _aПолитика
650 4 _aбългарски печат
700 1 _aБорис Чернев
852 _aМА 4668
942 _cNSP
_n0
999 _c345085
_d345085